<?xml version="1.0" encoding="UTF-8"?>
<record
    xmlns:xsi="http://www.w3.org/2001/XMLSchema-instance"
    xsi:schemaLocation="http://www.loc.gov/MARC21/slim http://www.loc.gov/standards/marcxml/schema/MARC21slim.xsd"
    xmlns="http://www.loc.gov/MARC21/slim">

  <leader>01960cam a22003015a 4500</leader>
  <controlfield tag="001">0000661322</controlfield>
  <controlfield tag="003">OSt</controlfield>
  <controlfield tag="005">20151214131620.0</controlfield>
  <controlfield tag="008">100925s2011    enka   frbdf  001 0 eng d</controlfield>
  <datafield tag="020" ind1=" " ind2=" ">
    <subfield code="a">9781408128114</subfield>
  </datafield>
  <datafield tag="040" ind1=" " ind2=" ">
    <subfield code="a">BIP US</subfield>
    <subfield code="b">eng</subfield>
    <subfield code="d">WaSeSS</subfield>
    <subfield code="d">EG-ScBUE</subfield>
    <subfield code="d">EG-ScBUE</subfield>
  </datafield>
  <datafield tag="082" ind1="0" ind2="4">
    <subfield code="a">650</subfield>
    <subfield code="b">BUS</subfield>
    <subfield code="2">22</subfield>
  </datafield>
  <datafield tag="245" ind1="1" ind2="0">
    <subfield code="a">Business :</subfield>
    <subfield code="b">the ultimate resource.</subfield>
  </datafield>
  <datafield tag="250" ind1=" " ind2=" ">
    <subfield code="a">3rd rev. ed.</subfield>
  </datafield>
  <datafield tag="260" ind1=" " ind2=" ">
    <subfield code="a">London : </subfield>
    <subfield code="b">A &amp; C Black Publishers Limited,</subfield>
    <subfield code="c">2011.</subfield>
  </datafield>
  <datafield tag="300" ind1=" " ind2=" ">
    <subfield code="a">xxiv, 1760 p. :</subfield>
    <subfield code="b">ill. ;</subfield>
    <subfield code="c">28 cm.</subfield>
  </datafield>
  <datafield tag="500" ind1=" " ind2=" ">
    <subfield code="a">"A rich treasury of informaion Harvard business review." -- cover page.</subfield>
  </datafield>
  <datafield tag="500" ind1=" " ind2=" ">
    <subfield code="a">"A useful powerful tool." management today -- cover page.</subfield>
  </datafield>
  <datafield tag="500" ind1=" " ind2=" ">
    <subfield code="a">"The only guide to business you'll ever need." -- cover page.</subfield>
  </datafield>
  <datafield tag="500" ind1=" " ind2=" ">
    <subfield code="a">Index : p. 1589-1606.</subfield>
  </datafield>
  <datafield tag="500" ind1=" " ind2=" ">
    <subfield code="a">Glossary : p. 1301-1585.</subfield>
  </datafield>
  <datafield tag="504" ind1=" " ind2=" ">
    <subfield code="a">Includes bibliographical references.</subfield>
  </datafield>
  <datafield tag="520" ind1=" " ind2=" ">
    <subfield code="a">An international bestseller, BUSINESS: The Ultimate Resourceis a one-stop reference and interactive tool covering all aspects of today's world of work.Unique, authoritative, and wide-ranging, it offers practical and strategic advice for anyone doing business today. Written with a team of world-class writers and editors, it is an essential desk reference for managers, MBA and business students and for small business owners worldwide.Fully updated and revised for this new edition, BUSINESSfeatures:Best Practice: over 170 essays from a stellar cast of business thought leadersChecklists and actionlists: more than 200 practical solutions to everyday business challengesManagement Library: time-saving digests of more than 100 of the world's best business booksDictionary: jargon-free definitions of more than 7,000 termsGiants and Thinkers: revised biographies of over 100 of the world's most influential gurus and pioneers</subfield>
  </datafield>
  <datafield tag="650" ind1=" " ind2="0">
    <subfield code="a">Management</subfield>
    <subfield code="v">Handbooks, manuals, etc.</subfield>
    <subfield code="2">BUEsh</subfield>
  </datafield>
  <datafield tag="651" ind1=" " ind2=" ">
    <subfield code="2">BUEsh</subfield>
  </datafield>
  <datafield tag="653" ind1=" " ind2=" ">
    <subfield code="b">BUSADM</subfield>
    <subfield code="c">August2015</subfield>
    <subfield code="c">December2015</subfield>
  </datafield>
  <datafield tag="942" ind1=" " ind2=" ">
    <subfield code="2">ddc</subfield>
    <subfield code="k">650 BUS</subfield>
  </datafield>
  <datafield tag="999" ind1=" " ind2=" ">
    <subfield code="c">20737</subfield>
    <subfield code="d">20709</subfield>
  </datafield>
  <datafield tag="952" ind1=" " ind2=" ">
    <subfield code="0">0</subfield>
    <subfield code="1">0</subfield>
    <subfield code="2">ddc</subfield>
    <subfield code="4">0</subfield>
    <subfield code="7">0</subfield>
    <subfield code="8">Baccah</subfield>
    <subfield code="a">MAIN</subfield>
    <subfield code="b">MAIN</subfield>
    <subfield code="c">0TH</subfield>
    <subfield code="d">2015-08-30</subfield>
    <subfield code="e">Purchase</subfield>
    <subfield code="g">484.00</subfield>
    <subfield code="h">23317</subfield>
    <subfield code="l">0</subfield>
    <subfield code="o">650 BUS</subfield>
    <subfield code="p">000039745</subfield>
    <subfield code="r">2026-04-05 00:00:00</subfield>
    <subfield code="v">605.00</subfield>
    <subfield code="y">REFERENCE</subfield>
  </datafield>
</record>
